| 000 | 00636nam a2200217 a 4500 | ||
|---|---|---|---|
| 005 | 20220601063603.0 | ||
| 008 | 991125s1995 mx 000 0 spa u | ||
| 020 | _a9681647696 | ||
| 035 | _aUPN01000042343 | ||
| 049 | _aCG | ||
| 050 | 4 |
_aPQ7297 G84 _bO37 1997 |
|
| 100 | 1 |
_aGuzmán, Martín Luis, _d1887-1977 _928400 |
|
| 245 | 1 | 0 |
_aObras completas / _cMartín Luis Guzmán. |
| 260 |
_aMéxico : _bFCE, _c1995. |
||
| 300 | _a2 v. | ||
| 440 | 0 | _aLetras mexicanas | |
| 500 | _aLa biblioteca tiene el vol. I | ||
| 600 | 1 | 4 |
_aGUZMAN, MARTIN LUIS, _d1887-1976 _925451 |
| 650 | 2 |
_aLiteratura mexicana _vColecciones _99428 |
|
| 905 | _aLibro | ||
| 999 |
_c42343 _d42343 |
||